000 00434nam a22001697a 4500
005 20251108172407.0
008 250721s1982 xx 000 0 eng d
082 1 4 _a651.75/Whi
100 1 _aWhitehead, Geoffrey
245 1 0 _aPitman business correspondence /
264 1 _aLondon :
_bPitman books Ltd,
_c1982.
300 _a372p
650 1 7 _aBusiness Letters
700 1 _aWhiteh, David H
942 _2ddc
_cBK
999 _c78161
_d78161